Quel est cet animal? - Statistiques

Statistiques générales
  • Ce quiz a été pris 1 512 fois
    1 489 depuis la dernière actualisation
  • Le résultat moyen est 9 sur 16
Statistiques - réponses
Par images Réponse % Correct
Requin-marteau
90%
Mouton
83%
Fennec
80%
Rhinocéros
79%
Léopard
77%
Cygne
75%
Hyène
75%
Gnou
52%
Ragondin
52%
Colibri
48%
Aigle Royal
39%
Chevreuil
37%
Daim
37%
Carcajou/glouton
23%
Wapiti
16%
Babiroussa
7%
Aucun quiz correspondant
Distribution des résultats
% des personnes avec chaque résultat
Percentile par nombre de réponses
Votre historique - résultats
Vous n’avez pas pris ce quiz depuis la dernière actualisation